000 00318nam a2200133 i 4500
001 bg
100 1 _aLIPATOV, L. N.
245 0 _aTipovye processy chimiceskoj technologii /
_cL.N. Lipatov.
260 _aMoskva,
_c1973.
040 _cBPK
041 _apol
942 _cKS
008 s pl f |000 0 pol
999 _c23831
_d23831
856 _uhttp://koha.tu.koszalin.pl/cgi-bin/koha/opac-detail.pl?biblionumber=23831
_yKatalog online BPK